000 00563nam a2200181Ia 4500
008 100920s9999 xx 000 0 und d
082 _b101787
_a891.464 न 08
100 _aठाकूर दिलीप.
245 _aवलय आणि वळणे.
260 _bसायली प्रकाशन,पुणे.
_c2008
300 _a156
_bसाधी
365 _b160
520 _aनिबंध.
630 _aवलय आणि वळणे.
650 _aनिबंध.
730 _aवलय आणि वळणे.
942 _cBOOK
999 _c742220
_d742217